Vereinigte Staaten A-Z - Statistiken

Allgemein
  • Dieses Quiz wurde 452 mal gespielt
    367 seit der letzten Aktualisierung
  • Das Durchschnittsergebnis liegt bei 17 aus 26
Antwortstatistiken
Hinweis Antwort % Korrekt
F "Sunshine State" Florida
93%
M Nachbarland Mexiko
93%
K Nachbarland Kanada
92%
A Nördlichster Bundesstaat Alaska
91%
H Einziger Insel-Bundesstaat Hawaii
90%
J Gegner im Zweiten Weltkrieg Japan
89%
B Präsident Joe Biden
87%
I Chicago liegt in diesem Bundesstaat Illinois
86%
L Zweitgrößte Stadt Los Angeles
85%
T Präsident 2017-2021 Donald Trump
81%
W Hautstadt Washington D.C.
75%
D "First State" Trat als erster Bundesstaat den USA bei Delaware
71%
N Stadt in Louisiana Wiege des Jazz New Orleans
66%
Y Größte Stadt New {York}
66%
O Bundesstaat aus dem 8 Präsidenten stammen Mit #V die höchste Anzahl Ohio
66%
U Wurde in Philadelphia am 4.Juli.1776 erklärt Unabhängigkeit
65%
C "Constitution State" Liegt in Neuengland Connecticut
56%
V Bundesstaat aus dem 8 Präsidenten stammen Mit #O die höchste Anzahl Virginia
56%
E Oberbefehlshaber der europäischen US-Streitkräfte im Zweiten Weltkrieg Präsident 1953-1961 Dwight D. Eisenhower
53%
R US-Präsident während des Zweiten Weltkriegs Franklin D. Roosevelt
53%
X "Lone Star State"Enthält ein X Texas
48%
G Von Kuba gepachtete Bucht {Guantanamo} Bay
46%
Q Präsident 1825-1829 John {Quincy} Adams
35%
P Größtes und Einwohnerreichstes US-Territorium Puerto Rico
34%
S Separatistische Region 1861-1865 Südstaaten
27%
Z Die US-Verfassung hat 27 Enthält die Bill of Rights Zusatzartikel
14%
Keine übereinstimmenden Quizze gefunden
Verteilung der Resultate
Anzahl Personen mit jedem Resultat
Perzentil nach korrekt beantworteten Fragen
Ihre Resultats-Entwicklung
Sie haben dieses Quiz seit der letzten Aktualisierung nicht gespielt